000 01627cam a2200397 a 4500
999 _c529517
_d529517
001 4331003
003 NUST
005 20190927100008.0
008 930210s1989 dcua b f000 0 eng d
010 _a 88051253
020 _a030904555X
035 _a(OCoLC)19915132
038 _aMSOHAIL
040 _aTxCM
_cTxCM
_dWU
_dCU-IT
_dOCoLC
_dGU
_dDLC
042 _alccopycat
043 _an-us---
050 0 4 _aHD9717.5.R6
_bN49 1989
082 _a0
100 1 _aNewman, Robert B.
_q(Robert Brian),
_d1926-
_921729
245 1 0 _aStaffing considerations in construction engineering management /
_cRobert B. Newman.
260 _aWashington, D.C. :
_bTransportation Research Board, National Research Council,
_c[1989]
300 _a42 p. :
_bill. ;
_c28 cm.
440 0 _aSynthesis of highway practice,
_x0547-5570 ;
_v145
_921730
500 _a"May 1989."
500 _a"Research sponsored by the American Association of State Highway and Transportation Officials in cooperation with the Federal Highway Administration."
504 _aBibliography: p. 36.
650 0 _aRoad construction industry
_zUnited States
_xPersonnel management.
_921731
650 0 _aHighway departments
_zUnited States
_xPersonnel management.
_921289
650 0 _aRoads
_xDesign and construction
_xManagement.
_921732
650 0 _aHighway engineers.
_921733
650 0 _aRoad construction workers.
_921734
710 2 _aNational Research Council (U.S.).
_bTransportation Research Board.
_919676
906 _a7
_bcbc
_ccopycat
_d4
_eocip
_f19
_gy-gencatlg
942 _2ddc
_cBK